Normal view
MARC view
Entry Topical Term
001 - CONTROL NUMBER
- control field: 202541
003 - CONTROL NUMBER IDENTIFIER
- control field: OSt
005 - DATE AND TIME OF LATEST TRANSACTION
- control field: 20250225111653.0
008 - FIXED-LENGTH DATA ELEMENTS
- fixed length control field: 250225|| aca||aabn | a|a d
040 ## - CATALOGING SOURCE
- Original cataloging agency: OSt
- Transcribing agency: OSt
150 ## - HEADING--TOPICAL TERM
- Topical term or geographic name entry element: UGC/NET Exams
670 ## - SOURCE DATA FOUND
- Source citation: Work cat.: (OSt)117915: PATIL (Kumud) 202539, UGC Pratiyogi Pariksha: Net Set Hindi:, 2006